[Event "FIDE World Uni Blitz-C 1st"]
[Site "Tornelo INT"]
[Date "2021.03.13"]
[Round "7.52"]
[White "Stasiuk, Vitaly"]
[Black "Khama, Letsatsi"]
[Result "1-0"]
[WhiteElo "1855"]
[BlackElo "1379"]
[PlyCount "53"]
[EventDate "2021.03.13"]
[EventType "swiss (blitz)"]
[EventRounds "10"]
[EventCountry "NET"]
[SourceTitle "EXT 2022"]
[Source "ChessBase"]
[SourceDate "2021.10.06"]
[SourceVersion "1"]
[SourceVersionDate "2021.10.06"]
[SourceQuality "1"]

1. e4 e5 2. Nf3 Nc6 3. Bb5 a6 4. Ba4 Nf6 5. 0-0 Bc5 6. c3 b5 7. Bc2 0-0 8. d4 Bd6 9. Bg5 h6 10. Bh4 Re8 11. Nbd2 Be7 12. Re1 d6 13. Nf1 Bg4 14. d5 Na5 15. h3 Bh5 16. Ng3 Bg6 17. a4 Nb7 18. axb5 axb5 19. Qe2 Nc5 20. b4 Na4 21. Bxa4 bxa4 22. Ra3 c5 23. Rea1 cxb4 24. cxb4 Qb6 25. Rxa4 Nh7 26. Rxa8 Rf8 27. Bxe7 1-0